| 000 | 01383nam a2200205 a 4500 | ||
|---|---|---|---|
| 008 | 161215e2013 ag ||||g |||| 00| f spa d | ||
| 020 | _a9789500744522 | ||
| 041 | _aspa | ||
| 092 |
_c863 _l3 _sALL |
||
| 100 | 1 |
_aAllende, Isabel _93210 |
|
| 245 | 3 |
_aEl reino del dragón de oro / _cIsabel Allende |
|
| 250 | _a1a ed. | ||
| 260 |
_aBuenos Aires: _bSudamericana; _c2013. |
||
| 300 |
_a336 p. _c19x13 cm. |
||
| 500 | _aAllende, I. (2013). El reino del dragón de oro. (1a ed.). Buenos Aires : Sudamericana. | ||
| 505 | _aLa estatua del Dragón de Oro permanece oculta en un reino pequeño y misterioso, enclavado en la cordillera del Himalaya. Y según cuenta la leyenda, este magnífico objeto, un poderoso instrumento de adivinación incrustado en piedras preciosas, preserva la paz de estas tierras. Una paz que ahora, por la codicia en el alma de los hombres, puede ser perturbada. En El Reino del Dragón de Oro, Isabel Allende nos invita a entrar en una doble aventura: seguir las peripecias de Alexander Cold, su abuela Kate y Nadia Santos, protagonistas de La Ciudad de las Bestias, en la belleza desnuda, limpia, de las montañas y los valles del Himalaya; y descubrir, con ayuda de la pluma mágica de Allende, el valor y la sencillez de las enseñanzas budistas. | ||
| 590 | _aProyecto 4to libro. Donación Adriana Navarro | ||
| 655 |
_aNovela _93091 |
||
| 942 |
_2ddc _cLIT |
||
| 999 |
_c2377 _d2377 |
||